[Event "Staraya Mayna Sidorov Cup"]
[Site "Staraya Mayna"]
[Date "2018.07.13"]
[Round "6"]
[White "Abramov, Alexander"]
[Black "Chavkina, Anastasia"]
[Result "1-0"]
[WhiteElo "2179"]
[BlackElo "1215"]
[PlyCount "101"]
[EventDate "2018.07.10"]
[EventType "swiss"]
[EventRounds "9"]
[EventCountry "RUS"]
[SourceTitle "EXT 2019"]
[Source "ChessBase"]
[SourceDate "2018.10.10"]
[SourceVersion "1"]
[SourceVersionDate "2018.10.10"]
[SourceQuality "1"]

1. Nf3 d5 2. c4 e6 3. cxd5 exd5 4. g3 Nf6 5. Bg2 Bf5 6. 0-0 Bd6 7. d4 0-0 8. Nc3 c6 9. Bd2 Nbd7 10. Nh4 Be6 11. a3 Re8 12. b4 Nf8 13. Rb1 a6 14. a4 b5 15. a5 Qd7 16. Re1 Bh3 17. Bh1 Ng6 18. Nxg6 fxg6 19. Qb3 Kh8 20. Rbc1 Re7 21. e4 dxe4 22. Nxe4 Nxe4 23. Bxe4 Rc8 24. Qf3 Be5 25. Rxc6 Ree8 26. Rxc8 Rxc8 27. Bb7 Rb8 28. Rxe5 Qxd4 29. Qe3 Qxe3 30. Bxe3 h6 31. Bg2 Bf5 32. f4 Rc8 33. Be4 Bxe4 34. Rxe4 Rc2 35. Bc5 Rc1+ 36. Kf2 Kg8 37. h4 Rd1 38. Ke2 Rd5 39. Re6 Kf7 40. Rxa6 Rd8 41. Rd6 Re8+ 42. Kf2 Ra8 43. a6 Ke8 44. a7 Ke7 45. Rb6+ Kd7 46. Rb8 Rxa7 47. Bxa7 Kc6 48. Rg8 Kb7 49. Rxg7+ Ka8 50. Rxg6 Kxa7 51. Rxh6 1-0

[Event "Staraya Mayna Sidorov Cup"]
[Site "Staraya Mayna"]
[Date "2018.07.13"]
[Round "7"]
[White "Chavkina, Anastasia"]
[Black "Grishan, Ilya"]
[Result "1-0"]
[WhiteElo "1215"]
[BlackElo "1279"]
[PlyCount "115"]
[EventDate "2018.07.10"]
[EventType "swiss"]
[EventRounds "9"]
[EventCountry "RUS"]
[SourceTitle "EXT 2019"]
[Source "ChessBase"]
[SourceDate "2018.10.10"]
[SourceVersion "1"]
[SourceVersionDate "2018.10.10"]
[SourceQuality "1"]

1. e4 g6 2. d4 Bg7 3. Nf3 d6 4. Bc4 Nd7 5. 0-0 e5 6. c3 Ngf6 7. Nbd2 0-0 8. Re1 c6 9. a4 Re8 10. Qb3 Rf8 11. Nf1 exd4 12. cxd4 c5 13. Ng3 cxd4 14. Nxd4 Ne5 15. Be2 Qa5 16. Bf4 Bg4 17. h3 Bxe2 18. Rxe2 h6 19. Qxb7 g5 20. Bxe5 Qxe5 21. Qb4 Rab8 22. Qc3 d5 23. Nc6 Qxc3 24. bxc3 Rbc8 25. Ne7+ Kh8 26. Nxc8 Rxc8 27. Rc1 d4 28. c4 Re8 29. f3 Nh7 30. Rd2 Rd8 31. Nf5 Be5 32. Rcd1 Bf4 33. Rd3 Nf6 34. Rxd4 Re8 35. Rd8 Kh7 36. Rxe8 Nxe8 37. Rd7 Kg6 38. Rxa7 Nd6 39. Ra6 f6 40. Nxd6 Bxd6 41. Rxd6 h5 42. Rxf6+ Kxf6 43. a5 Ke5 44. a6 Kf4 45. a7 Kg3 46. a8Q g4 47. Qb8+ Kh4 48. hxg4 Kg5 49. gxh5 Kh6 50. Qg3 Kxh5 51. Kf2 Kh6 52. Qg4 Kh7 53. Qg5 Kh8 54. Ke3 Kh7 55. Kd4 Kh8 56. Ke5 Kh7 57. Kf6 Kh8 58. Qg7# 1-0

[Event "Staraya Mayna Sidorov Cup"]
[Site "Staraya Mayna"]
[Date "2018.07.10"]
[Round "1"]
[White "Gabunov, Fail"]
[Black "Chavkina, Anastasia"]
[Result "1-0"]
[WhiteElo "1624"]
[BlackElo "1215"]
[PlyCount "79"]
[EventDate "2018.07.10"]
[EventType "swiss"]
[EventRounds "9"]
[EventCountry "RUS"]
[SourceTitle "EXT 2019"]
[Source "ChessBase"]
[SourceDate "2018.10.10"]
[SourceVersion "1"]
[SourceVersionDate "2018.10.10"]
[SourceQuality "1"]

1. d4 d5 2. c4 e6 3. Nc3 Nf6 4. Nf3 Nbd7 5. e3 Bd6 6. c5 Be7 7. b4 0-0 8. Bd3 Re8 9. Bb2 Nf8 10. a4 b6 11. Ne5 Bd7 12. c6 Bc8 13. b5 a6 14. 0-0 Bd6 15. f4 Ng6 16. Qf3 Nh4 17. Qh3 Ng6 18. g4 h6 19. Nxg6 fxg6 20. Bxg6 Rf8 21. g5 e5 22. Qg2 Nh7 23. Qxd5+ Kh8 24. dxe5 Be7 25. Qxd8 Rxd8 26. gxh6 gxh6 27. Bf7 Bf5 28. e4 Bg4 29. Nd5 Bc5+ 30. Kg2 Ra7 31. e6+ Nf6 32. Bxf6+ Kh7 33. Bxd8 Ra8 34. Bxc7 Kg7 35. Be5+ Kf8 36. Nf6 Be2 37. Nd7+ Ke7 38. Nxc5 bxc5 39. Rfe1 Bg4 40. f5 1-0